関東の自治体人口ワースト100 - Statistics

General Stats
  • This quiz has been taken 36 times
  • The average score is 75 of 100
Answer Stats
順位 都道府県 人口 Answer % Correct
7 東京都 1,855 神津島村
94%
1 東京都 169 青ヶ島村
91%
8 東京都 2,003 檜原村
91%
12 東京都 2,929 小笠原村
91%
3 東京都 327 利島村
88%
9 東京都 2,273 三宅村
88%
11 埼玉県 2,709 東秩父村
88%
17 東京都 4,750 奥多摩町
88%
20 群馬県 6,049 草津町
88%
23 神奈川県 6,722 真鶴町
88%
30 東京都 7,042 八丈町
88%
36 群馬県 8,850 嬬恋村
88%
43 埼玉県 10,540 ときがわ町
88%
51 神奈川県 11,293 箱根町
88%
60 千葉県 13,803 長生村
88%
2 東京都 323 御蔵島村
85%
16 群馬県 3,993 片品村
85%
28 千葉県 6,993 鋸南町
85%
31 東京都 7,102 大島町
85%
74 群馬県 17,195 みなかみ町
85%
10 東京都 2,441 新島村
82%
13 神奈川県 3,038 清川村
82%
21 群馬県 6,576 下仁田町
82%
37 千葉県 8,885 大多喜町
82%
47 埼玉県 10,928 小鹿野町
82%
71 千葉県 16,927 勝浦市
82%
72 東京都 16,958 日の出町
82%
87 神奈川県 23,426 湯河原町
82%
4 群馬県 1,128 上野村
79%
22 千葉県 6,721 長柄町
79%
32 千葉県 7,198 長南町
79%
40 神奈川県 9,761 山北町
79%
41 千葉県 10,305 白子町
79%
44 神奈川県 10,836 松田町
79%
61 群馬県 14,083 板倉町
79%
62 群馬県 14,216 榛東村
79%
64 千葉県 14,639 九十九里町
79%
73 神奈川県 17,129 大井町
79%
88 栃木県 23,956 那須町
79%
93 神奈川県 27,564 二宮町
79%
97 埼玉県 28,524 小川町
79%
5 群馬県 1,611 南牧村
76%
14 群馬県 3,480 川場村
76%
15 群馬県 3,511 高山村
76%
18 群馬県 5,095 長野原町
76%
25 埼玉県 6,807 長瀞町
76%
26 千葉県 6,874 御宿町
76%
38 神奈川県 9,300 中井町
76%
45 群馬県 10,861 千代田町
76%
78 神奈川県 18,329 開成町
76%
90 栃木県 24,875 那須烏山市
76%
91 栃木県 24,913 野木町
76%
6 群馬県 1,645 神流町
73%
29 千葉県 7,033 芝山町
73%
39 埼玉県 9,302 皆野町
73%
55 群馬県 12,728 東吾妻町
73%
59 千葉県 13,735 多古町
73%
69 茨城県 15,715 大洗町
73%
82 千葉県 20,745 酒々井町
73%
86 千葉県 22,075 横芝光町
73%
98 栃木県 29,229 高根沢町
73%
33 埼玉県 7,979 横瀬町
70%
34 茨城県 8,093 五霞町
70%
52 栃木県 11,891 茂木町
70%
53 千葉県 11,897 一宮町
70%
54 群馬県 12,491 甘楽町
70%
58 埼玉県 13,560 鳩山町
70%
63 茨城県 14,602 美浦村
70%
65 栃木県 14,961 芳賀町
70%
67 茨城県 15,340 利根町
70%
70 茨城県 15,736 大子町
70%
75 埼玉県 17,889 嵐山町
70%
92 群馬県 25,522 邑楽町
70%
94 茨城県 27,604 潮来市
70%
95 茨城県 27,699 高萩市
70%
27 群馬県 6,953 昭和村
67%
42 栃木県 10,354 塩谷町
67%
56 千葉県 13,228 東庄町
67%
68 群馬県 15,386 中之条町
67%
76 茨城県 18,097 城里町
67%
81 千葉県 20,127 栄町
67%
84 群馬県 21,792 吉岡町
67%
96 埼玉県 28,266 松伏町
67%
100 栃木県 30,806 上三川町
67%
19 千葉県 5,816 神崎町
64%
24 千葉県 6,760 睦沢町
64%
46 群馬県 10,882 明和町
64%
48 埼玉県 11,029 越生町
64%
50 栃木県 11,262 市貝町
64%
66 栃木県 15,215 那珂川町
64%
99 埼玉県 30,343 上里町
64%
35 茨城県 8,231 河内町
61%
79 埼玉県 19,378 川島町
61%
83 茨城県 21,026 八千代町
61%
85 栃木県 21,898 益子町
61%
77 埼玉県 18,192 吉見町
58%
57 埼玉県 13,359 神川町
55%
80 埼玉県 19,732 滑川町
55%
89 茨城県 24,201 境町
55%
49 埼玉県 11,039 美里町
45%
No matching quizzes found
Score Distribution
Percent of People with Each Score
Percentile by Number Answered
Your Score History
You have not taken this quiz